01385nam a2200289 u 450000100100000000500170001000800410002702000180006804000250008608200200011110000300013124501050016126000390026630000270030550000570033250400730038959000260046265000500048865000460053865000470058470000340063191000380066595201330070395201180083695201240095499900170107800002073120250918100823.0100813s2015 dr a r 000 0 spa d a9789945589801 aDO-SdBNPbspacBNPHU a364.1534bB453a1 aBeltré, Gregorio94348310aAmor, sexo y prostitución en República Dominicana /cGregorio Beltré ; editor Alberto Garrido. aSanto Domingo :bSantuario,c2015. a90 p. :bil. ;c23 cm. aIncluye datos biográficos del autor en las solapas aIncluye referencias bibliográficas y notas al pie de las páginas aInventariado, 2018/BT 4aProstituciónzRepública Dominicana943484 0aEnfermedades de transmisión sexual9911 4aProstitutaszRepública Dominicana9434851 aGarrido, Alberto,eed.943486 aValidado. Control de calidad. MFF 001054708DSaGRbGRcHDd2017-05-05iLF1l0o364.1534 B453ap20731-30r2020-06-25te. 3w2020-06-25yLFDSZPréstamo en sala 0010718PDaPDbPDcHDd2017-05-05iLF1l0o364.1534 B453ap20731-10r2020-06-25w2020-06-25yLFPDZNo se presta 0010718PDaPDbPDcHDd2017-05-05iLF1l0o364.1534 B453ap20731-20r2020-06-25te. 2w2020-06-25yLFPDZNo se presta c20235d20235